000
00342 a2200157 4500
001
123770
020
_a
9782011560551
040
_c
Escola Canadense de Niteroi
100
_a
Marie-José Lopes
245
1
0
_a
Totem 2 : méthode de français A2
300
_b
il.
362
0
_a
2014
490
0
_a
Totem
650
4
_a
Francês
942
_c
BK
999
_c
123770
_d
123770